Statistieken voor Drukste luchthavens EUROPA

Klik hier om de quiz te nemen!

Algemene statistieken

  • Deze quiz is 95 keer genomen
  • De gemiddelde score is 36 van 51

Antwoordstatistieken

AantalCity% Correct
25.7 mBrussel
97%
57.9 mMadrid
97%
72.2 mParijs (Charles de Gaulle)
97%
33.1 mParijs (Orly)
97%
43.0 mRome
97%
71.0 mAmsterdam
95%
46.1 mLonden (Gatwick)
95%
80.1 mLonden (Heatrow)
95%
16.8 mLonden (Luton)
95%
28.0 mLonden (Stansted)
95%
12.7 mBerlijn (Schönefeld)
91%
22.0 mBerlijn (Tegel)
91%
24.7 mMilaan (Malpensa)
89%
12.9 mMilaan (Orio al Serio)
89%
28.5 mOslo
88%
26.8 mStockholm
88%
29.0 mLissabon
86%
29.4 mMoskou (Domodedovo)
86%
45.3 mMoskou (Sheremetyevo)
86%
21.5 mMoskou (Vnukovo)
86%
27.0 mWenen
86%
24.1 mAthene
85%
50.2 mBarcelona
85%
30.3 mKopenhagen
85%
31.5 mDublin
80%
46.3 mMunchen
78%
20.8 mHelsinki
75%
17.8 mWarschau
74%
12.6 mKiev
71%
16.8 mPraag
71%
14.9 mBoedapest
69%
69.5 mFrankfurt
69%
13.8 mBoekarest
68%
17.2 mHamburg
65%
28.3 mManchester
63%
11.0 mLyon
58%
11.9 mPorto
57%
31.1 mZürich
55%
18.1 mSint Petersburg
49%
17.7 mGeneve
48%
68.0 mIstanbul (Atatürk)
48%
13.9 mNice
48%
24.3 mDüsseldorf
43%
13.0 mKeulen / Bonn
43%
14.3 mEdinburgh
40%
12.4 mBirmingham
37%
19.0 mMalaga
34%
11.2 mVenetie
34%
11.8 mStuttgart
32%
14.0 mAlicante
17%
29.1 mPalma de Mallorca
9%

Scoreverdeling

Percentiel versus Aantal Correcte Antwoorden

Procent van Mensen met Elke Score

Uw Scoregeschiedenis

U heeft deze quiz nog niet genomen